El Jade aborigen de Costa Rica / (Record no. 62586)

MARC details
000 -LEADER
fixed length control field 00533cam a2200169 a 4500
008 - FIXED-LENGTH DATA ELEMENTS--GENERAL INFORMATION
fixed length control field 021114n mx 000 0 spa u
050 00 - LIBRARY OF CONGRESS CALL NUMBER
Classification number F1545 .3 .A7
Item number J33
245 03 - TITLE STATEMENT
Title El Jade aborigen de Costa Rica /
Statement of responsibility, etc Museo Nacional de Costa Rica.
260 ## - PUBLICATION, DISTRIBUTION, ETC. (IMPRINT)
Place of publication, distribution, etc Costa Rica :
Name of publisher, distributor, etc Museo Nacional de Costa Rica
300 ## - PHYSICAL DESCRIPTION
Extent 4 p. ;
Other physical details 14 X 21 cm.
650 #4 - SUBJECT ADDED ENTRY--TOPICAL TERM
Topical term or geographic name as entry element Indios de América Central
General subdivision Antiguedades
650 #4 - SUBJECT ADDED ENTRY--TOPICAL TERM
Topical term or geographic name as entry element Jade
651 #4 - SUBJECT ADDED ENTRY--GEOGRAPHIC NAME
Geographic name Costa Rica
General subdivision Antiguedades
710 1# - ADDED ENTRY--CORPORATE NAME
Corporate name or jurisdiction name as entry element Museo Nacional de Costa Rica
942 ## - ADDED ENTRY ELEMENTS (KOHA)
Source of classification or shelving scheme Biblioteca del Cogreso de los Estados Unidos
Koha item type Libro
Holdings
Estado de pérdida Fuente de clasificación Estado del daño No para préstamo Ubicación permanente Ubicación actual Apartado o colección Fecha de adquisición Edición Dependencia de educación superior (DES) Área del conocimiento Clasificación Código de Barras Date last seen Número de copia Tipo de recurso
  Biblioteca del Cogreso de los Estados Unidos     Biblioteca del Instituto de Investigaciones Históricas Biblioteca del Instituto de Investigaciones Históricas General 06/07/2018 1a ed. Humanidades Ciencias Sociales y Administrativas F1545 .3 .A7 J33 IIH000023203 06/07/2018 C: 1 Libro